Music Quiz

Random Music or Kpop Quiz

Click the mvp members Quiz Stats

 Plays Quiz not verified by Sporcle

Support Sporcle.
Go Orange.
Score 0/7 Timer 02:00
0 Plays Today
% Correct
sion
62.2%
been
55.6%
gitaek
55.6%
p.k
53.3%
rayoon
51.1%
jin
42.2%
kanghan
42.2%

You're not logged in!

Compare scores with friends on all Sporcle quizzes.
OR
Log In

From the Vault

Pick the Movie Title Character

by MoMosMoProblems

If you pick the wrong Lebowski, that's a bummer, man.
Remove Ads.
Support Sporcle.
Get the best of Sporcle when you Go Orange. This ad-free experience offers more features, more stats, and more fun while also helping to support Sporcle. Thank you for becoming a member.

Show Comments

Extras

Top Quizzes Today


Score Distribution

Your Account Isn't Verified!

In order to create a playlist on Sporcle, you need to verify the email address you used during registration. Go to your Sporcle Settings to finish the process.

Report this User

Report this user for behavior that violates our Community Guidelines.

Details: